| 000 | 00480nam a2200181Ia 4500 | ||
|---|---|---|---|
| 003 | IN-BaIIA | ||
| 008 | 211028s9999 xx 000 0 eng d | ||
| 020 | _a978-81-322-0732-0 | ||
| 040 | _cIIA Library | ||
| 080 |
_a629.78(5) _bLEL |
||
| 100 |
_aLele, Ajey _935945 |
||
| 245 | 0 |
_aAsian space race _brhetoric or reality ? _cAjey Lele |
|
| 260 |
_aNew York _bSpringer _c2013 |
||
| 300 | _axii, 279p. | ||
| 650 |
_aAsian space race _935946 |
||
| 650 | _aSpace science | ||
| 942 | _cBK | ||
| 999 |
_c18787 _d18787 |
||